The Penguin atlas of medieval history :

محفوظ في:

المؤلف الرئيسي: McEvedy, Colin.

التنسيق: كتاب

اللغة: Undetermined

منشور في: Middlesex : Penguin Books, 1961.

سلاسل: Penguin books

الموضوعات:

الوسوم: إضافة وسم

لا توجد وسوم, كن أول من يضع وسما على هذه التسجيلة!

رقم الطلب: (Ref.) G1034 .M2

LEADER 00586nam a2200169Ia 4500
008 220712s9999||||xx |||||||||||||| ||und||
020 |a 140708227 
050 4 |a (Ref.) G1034 .M2 
100 1 |a McEvedy, Colin. 
245 1 4 |a The Penguin atlas of medieval history : 
264 1 |a Middlesex :  |b Penguin Books,  |c 1961. 
300 |a 96p. :  |b col. Maps ;  |c 18x23cm. 
490 0 |a Penguin books 
555 4 |o (Ref.) G1034 .M2 
650 4 |a Geography Medieval Maps. 
952 |0 0  |1 0  |2 lcc  |4 0  |7 1  |9 41826  |a ARCE  |b ARCE  |d 2022-07-21  |l 0  |o (Ref.) G1034 .M2  |p 1038526  |r 2022-07-21 00:00:00  |w 2022-07-21  |y BK 
999 |c 48805  |d 48805